00367 2200133 4500001002100000005001500021008004100036020002200077035001900099082000900118100001700127245005800144260003100202INLIS00000000000870220241224113708241224||||||||| | ||| |||| ||  a978-602-7888-47-0 0010-12240087020 aNONE0 aIndah Hanaco00aVanila Heart (Karena kejujuran rasa adalah segalanya) aYogyakaratabBentangc2013